[Event "Junior Online 4NCL Division 2"]
[Site "online"]
[Date "2020.04.23"]
[Round "2.57"]
[White "Avetisyan, Gagik"]
[Black "Macabenta, Kei"]
[Result "1/2-1/2"]
[WhiteElo "1553"]
[BlackElo "1532"]
[PlyCount "39"]
[EventDate "2020.04.23"]
[WhiteTeam "A6 and Chill"]
[BlackTeam "Ojays C"]

1. d4 d5 2. c4 Nf6 3. Nf3 c6 4. Nc3 e6 5. Bg5 Bb4 6. cxd5 cxd5 7. Qa4+ Nc6 8.
Ne5 Bxc3+ 9. bxc3 Bd7 10. Nxd7 Qxd7 11. Bxf6 gxf6 12. e3 Rg8 13. Rb1 a6 14. h3
h5 15. Qb3 Na5 16. Qb4 Qc7 17. Qa4+ Nc6 18. Qb3 Na5 19. Qb6 Qxc3+ 20. Kd1
1/2-1/2

[Event "Junior Online 4NCL Division 2"]
[Site "online"]
[Date "2020.04.23"]
[Round "2.58"]
[White "Amoako, Selikem PJ"]
[Black "Hackett, William"]
[Result "0-1"]
[WhiteElo "1480"]
[BlackElo "1530"]
[PlyCount "148"]
[EventDate "2020.04.23"]
[WhiteTeam "Ojays C"]
[BlackTeam "A6 and Chill"]

1. e4 c6 2. d4 d5 3. Nc3 dxe4 4. Nxe4 Bf5 5. Ng3 Bg6 6. Nf3 Nd7 7. Bd3 Bxd3 8.
Qxd3 Ngf6 9. c3 e6 10. O-O Be7 11. Ne4 Nxe4 12. Qxe4 Nf6 13. Qd3 O-O 14. c4 c5
15. Rd1 cxd4 16. Qxd4 Qxd4 17. Nxd4 Rfd8 18. Bf4 Rd7 19. Nf3 Rad8 20. Rd2 Rxd2
21. Nxd2 h6 22. Nf3 Nh7 23. Rc1 Ng5 24. Nxg5 Bxg5 25. Bxg5 hxg5 26. Kf1 Rd2 27.
Rb1 Rc2 28. Rd1 Rxc4 29. Rd7 Rc1+ 30. Ke2 Rc2+ 31. Rd2 Rxd2+ 32. Kxd2 f5 33.
Ke3 Kf7 34. Kd4 Ke7 35. Ke5 Kd7 36. f3 Ke7 37. g3 Kd7 38. h3 Ke7 39. g4 fxg4
40. hxg4 Kd7 41. b3 Ke7 42. a3 Kd7 43. a4 a5 44. f4 gxf4 45. Kxf4 Kd6 46. Ke4
e5 47. Kf5 Kd5 48. g5 e4 49. Kf4 Kd4 50. Kf5 e3 51. Kg6 e2 52. Kxg7 e1=Q 53.
Kf7 Qg3 54. g6 Kc3 55. g7 Kxb3 56. g8=Q Qxg8+ 57. Kxg8 Kxa4 58. Kf7 b5 59. Ke6
b4 60. Kd5 b3 61. Kc4 b2 62. Kc3 b1=Q 63. Kd4 Kb4 64. Kd5 a4 65. Kd6 a3 66. Ke6
a2 67. Kd5 a1=Q 68. Kd6 Qab2 69. Kd5 Q1c1 70. Kd6 Qbd2+ 71. Ke5 Qce1+ 72. Kf5
Qdf2+ 73. Kg4 Qeg1+ 74. Kh3 Qfh2# 0-1

[Event "Junior Online 4NCL Division 2"]
[Site "online"]
[Date "2020.04.23"]
[Round "2.61"]
[White "Sturge, Sam"]
[Black "Maton, Emily"]
[Result "0-1"]
[WhiteElo "1660"]
[BlackElo "1675"]
[PlyCount "106"]
[EventDate "2020.04.23"]
[WhiteTeam "Surbiton Juniors A"]
[BlackTeam "St Albans Early Knights 1"]

1. e4 c5 2. Nf3 g6 3. d4 cxd4 4. Nxd4 Nf6 5. Nc3 d6 6. f3 Nc6 7. Bc4 Bg7 8.
Nxc6 bxc6 9. Be3 Bb7 10. Qd2 d5 11. exd5 Nxd5 12. Nxd5 cxd5 13. Bb5+ Kf8 14.
Bh6 d4 15. Bxg7+ Kxg7 16. O-O-O e5 17. Rhe1 Qc7 18. f4 a6 19. Bd3 exf4 20. Be4
Rad8 21. Bxb7 Qxb7 22. Qxf4 Qd5 23. Qe5+ Qxe5 24. Rxe5 Rd6 25. Rf1 Rf8 26. Re4
f5 27. Ref4 Rff6 28. g4 fxg4 29. Rxf6 Rxf6 30. Rxf6 Kxf6 31. Kd2 Ke5 32. Kd3
Kd5 33. b4 h5 34. a4 h4 35. b5 axb5 36. axb5 Kc5 37. b6 Kxb6 38. Kxd4 g5 39.
Ke3 Kc5 40. Kf2 Kc4 41. Kg2 Kc3 42. Kg1 Kxc2 43. Kg2 Kd3 44. Kf2 Ke4 45. Kg2
Kf4 46. Kf2 g3+ 47. Kg2 gxh2 48. Kxh2 g4 49. Kg2 h3+ 50. Kh2 Kf3 51. Kg1 g3 52.
Kh1 g2+ 53. Kg1 h2+ 0-1

[Event "Junior Online 4NCL Division 2"]
[Site "online"]
[Date "2020.04.23"]
[Round "2.62"]
[White "Ball, Charlie"]
[Black "Jonikas, Augustas"]
[Result "1/2-1/2"]
[WhiteElo "1540"]
[BlackElo "1540"]
[PlyCount "114"]
[EventDate "2020.04.23"]
[WhiteTeam "St Albans Early Knights 1"]
[BlackTeam "Surbiton Juniors A"]

1. e4 e5 2. Nf3 Nc6 3. d4 exd4 4. Nxd4 Bc5 5. Nb3 Bb6 6. Nc3 d6 7. Bc4 Be6 8.
Bxe6 fxe6 9. O-O Nf6 10. Bf4 e5 11. Bg5 O-O 12. Qe2 Qd7 13. Nd5 Nxd5 14. exd5
Ne7 15. c4 h6 16. Bh4 Nf5 17. Bg3 Nd4 18. Qd3 a6 19. Rad1 Qf5 20. Qxf5 Rxf5 21.
Nxd4 Bxd4 22. b4 Rd8 23. Rfe1 g5 24. Kf1 Kg7 25. f3 g4 26. Bf2 Bxf2 27. Kxf2
gxf3 28. gxf3 Rdf8 29. Re3 e4 30. Rxe4 Rxf3+ 31. Ke2 Rf2+ 32. Kd3 Rxa2 33. Re7+
Rf7 34. Rg1+ Kf8 35. Rxf7+ Kxf7 36. Rf1+ Ke7 37. Rg1 Rxh2 38. Rg7+ Kd8 39. Rg8+
Kd7 40. Rg7+ Kd8 41. Rg8+ Ke7 42. Rg7+ Kf6 43. Rxc7 h5 44. Rxb7 h4 45. Ra7 Rg2
46. Rxa6 h3 47. Rxd6+ Ke5 48. Rh6 h2 49. Ke3 Rg4 50. Rxh2 Rxc4 51. Rh5+ Kd6 52.
b5 Rb4 53. Rh6+ Kxd5 54. Kd3 Kc5 55. Rh5+ Kb6 56. Kc3 Rxb5 57. Rxb5+ Kxb5
1/2-1/2

[Event "Junior Online 4NCL Division 2"]
[Site "online"]
[Date "2020.04.23"]
[Round "2.63"]
[White "Morrison, Joseph"]
[Black "Ball, Katie C"]
[Result "1-0"]
[WhiteElo "1465"]
[BlackElo "1525"]
[PlyCount "69"]
[EventDate "2020.04.23"]
[WhiteTeam "Surbiton Juniors A"]
[BlackTeam "St Albans Early Knights 1"]

1. c4 f5 2. Nc3 e5 3. g3 Nf6 4. Bg2 d6 5. Nf3 Be7 6. O-O O-O 7. d4 Nbd7 8. d5
Qe8 9. Qc2 Qh5 10. h3 h6 11. Nh4 Nh7 12. Nf3 g5 13. Nh2 g4 14. h4 f4 15. Bd2
Kh8 16. Ne4 Rf7 17. Rac1 a6 18. a3 Rb8 19. b4 Ra8 20. c5 dxc5 21. bxc5 Ndf6 22.
Nxf6 Rxf6 23. Bc3 Rf5 24. Be4 Rf7 25. Qb2 Bd7 26. Bxe5+ Kg8 27. d6 cxd6 28.
cxd6 Bf6 29. Bxf6 Nxf6 30. Bb1 fxg3 31. fxg3 Raf8 32. Ba2 Kh7 33. Bxf7 Rxf7 34.
Rxf6 Rxf6 35. Qxf6 1-0

[Event "Junior Online 4NCL Division 2"]
[Site "online"]
[Date "2020.04.23"]
[Round "2.64"]
[White "Petcov, Nichiforos"]
[Black "Pai, Anay"]
[Result "0-1"]
[WhiteElo "1427"]
[BlackElo "1412"]
[PlyCount "90"]
[EventDate "2020.04.23"]
[WhiteTeam "St Albans Early Knights 1"]
[BlackTeam "Surbiton Juniors A"]

1. e4 e5 2. Nf3 Nc6 3. Nc3 Nf6 4. Bb5 Bc5 5. Bxc6 bxc6 6. d3 d6 7. Be3 Bxe3 8.
fxe3 Bg4 9. h3 Bxf3 10. Qxf3 O-O 11. O-O-O Qd7 12. d4 exd4 13. exd4 d5 14. e5
Ne8 15. h4 Qe6 16. h5 h6 17. g4 f6 18. Rdf1 Rb8 19. g5 hxg5 20. h6 g6 21. h7+
Kh8 22. Qh3 Qxh3 23. Rxh3 f5 24. e6 Rb4 25. Rd1 Nf6 26. a3 Rc4 27. b3 Rxc3 28.
Rxc3 Ne4 29. Rxc6 Rc8 30. e7 Kxh7 31. Rxc7 Re8 32. Rh1+ Kg7 33. Rxa7 g4 34. b4
g3 35. Rg1 f4 36. b5 f3 37. Rd7 f2 38. Rg2 f1=Q+ 39. Kb2 Qxg2 40. Rd8 Rxe7 41.
Rxd5 Rb7 42. a4 Kf6 43. a5 Qf3 44. a6 Qc3+ 45. Kc1 Qa1# 0-1

[Event "Junior Online 4NCL Division 2"]
[Site "online"]
[Date "2020.04.23"]
[Round "2.65"]
[White "Maton, Emily"]
[Black "Sturge, Sam"]
[Result "1-0"]
[WhiteElo "1675"]
[BlackElo "1660"]
[PlyCount "22"]
[EventDate "2020.04.23"]
[WhiteTeam "St Albans Early Knights 1"]
[BlackTeam "Surbiton Juniors A"]

1. g3 d5 2. Nf3 Nf6 3. Bg2 g6 4. d3 Bg7 5. O-O O-O 6. c4 Re8 7. e3 c5 8. Nc3 b6
9. cxd5 Nxd5 10. Nxd5 Qxd5 11. Ne1 Qh5 1-0

[Event "Junior Online 4NCL Division 2"]
[Site "online"]
[Date "2020.04.23"]
[Round "2.66"]
[White "Jonikas, Augustas"]
[Black "Ball, Charlie"]
[Result "0-1"]
[WhiteElo "1540"]
[BlackElo "1540"]
[PlyCount "44"]
[EventDate "2020.04.23"]
[WhiteTeam "Surbiton Juniors A"]
[BlackTeam "St Albans Early Knights 1"]

1. c4 d6 2. d4 Nf6 3. Nc3 Nbd7 4. e4 e5 5. d5 Be7 6. Nf3 h6 7. a3 c6 8. b4 Qc7
9. dxc6 bxc6 10. Qc2 a5 11. Bb2 Ba6 12. b5 cxb5 13. cxb5 Bb7 14. a4 Bxe4 15.
Bd3 Bxd3 16. Qxd3 Nc5 17. Qe3 Ng4 18. Qe2 Nf6 19. Rc1 Qb6 20. Nd2 Ng4 21. Qxg4
Nd3+ 22. Kf1 Qxf2# 0-1

[Event "Junior Online 4NCL Division 2"]
[Site "online"]
[Date "2020.04.23"]
[Round "2.67"]
[White "Ball, Katie C"]
[Black "Morrison, Joseph"]
[Result "1-0"]
[WhiteElo "1525"]
[BlackElo "1465"]
[PlyCount "51"]
[EventDate "2020.04.23"]
[WhiteTeam "St Albans Early Knights 1"]
[BlackTeam "Surbiton Juniors A"]

1. d4 d5 2. Nf3 Nf6 3. c3 c6 4. Bg5 Nbd7 5. e3 h6 6. Bf4 Nh5 7. Bg3 Nxg3 8.
hxg3 e6 9. Bd3 Bd6 10. Nbd2 c5 11. Qe2 c4 12. Bc2 Nf6 13. e4 Nd7 14. exd5 O-O
15. O-O-O exd5 16. g4 f6 17. g3 a5 18. Nh4 b5 19. f4 b4 20. Nf5 bxc3 21. Nxd6
cxb2+ 22. Kb1 Qb6 23. Qe6+ Kh8 24. Nf7+ Kg8 25. Nxh6+ Kh8 26. Nf5# 1-0

[Event "Junior Online 4NCL Division 2"]
[Site "online"]
[Date "2020.04.23"]
[Round "2.68"]
[White "Pai, Anay"]
[Black "Petcov, Nichiforos"]
[Result "0-1"]
[WhiteElo "1412"]
[BlackElo "1427"]
[PlyCount "64"]
[EventDate "2020.04.23"]
[WhiteTeam "Surbiton Juniors A"]
[BlackTeam "St Albans Early Knights 1"]

1. Nf3 Nc6 2. e4 e5 3. Bc4 h6 4. Nc3 Nf6 5. d3 Bc5 6. O-O d6 7. h3 O-O 8. a3 a6
9. b4 Ba7 10. Nh4 b5 11. Bb3 Nxe4 12. dxe4 Qxh4 13. Qf3 Bd4 14. Bd2 Bd7 15. Bd5
Rad8 16. Bxc6 Bxc6 17. g3 Qxh3 18. Rad1 f5 19. Rfe1 fxe4 20. Nxe4 Rxf3 21. Be3
Bxe3 22. Rxe3 Rxe3 23. fxe3 Bxe4 24. c3 Qxg3+ 25. Kf1 Rf8+ 26. Ke2 Bf3+ 27. Kd3
Bxd1 28. Ke4 Qf3+ 29. Kd3 Qe2+ 30. Ke4 d5+ 31. Kxd5 Qd3+ 32. Kxe5 Re8+ 0-1

[Event "Junior Online 4NCL Division 2"]
[Site "online"]
[Date "2020.04.23"]
[Round "2.71"]
[White "Dicen, Imogen"]
[Black "Shah, Kian"]
[Result "1-0"]
[WhiteElo "1847"]
[BlackElo "1870"]
[PlyCount "97"]
[EventDate "2020.04.23"]
[WhiteTeam "Warwickshire Bears A"]
[BlackTeam "Harrow Juniors A"]

1. d4 Nf6 2. c4 d5 3. Nc3 e6 4. e3 Bb4 5. Nf3 O-O 6. Be2 c5 7. cxd5 Nxd5 8. Qc2
Nc6 9. O-O b6 10. a3 Bxc3 11. bxc3 Bb7 12. Bb2 Rc8 13. Qd2 Qe7 14. Rfd1 Rfd8
15. Rac1 Na5 16. Qc2 c4 17. e4 Nf4 18. Bf1 Ba6 19. Rb1 Rc7 20. Qc1 Nd3 21. Qc2
Nb7 22. Qa4 Nxb2 23. Rxb2 b5 24. Qxa6 Nc5 25. Qa5 Nxe4 26. Rdb1 Nd6 27. a4 a6
28. axb5 axb5 29. Qb4 Ra7 30. Ne5 Rc8 31. Rc2 Rca8 32. Nc6 Qc7 33. Nxa7 Rxa7
34. g3 Ra5 35. Bg2 Ra4 36. Qc5 Qd8 37. Rcb2 h6 38. Bc6 Ra5 39. Bxb5 g6 40. Qc6
Qb8 41. Bxc4 Qa8 42. Rb8+ Ne8 43. Rxe8+ Qxe8 44. Qxe8+ Kg7 45. Rb7 Rf5 46. Kg2
Rf4 47. gxf4 g5 48. Qxf7+ Kh8 49. Qh7# 1-0

[Event "Junior Online 4NCL Division 2"]
[Site "online"]
[Date "2020.04.23"]
[Round "2.72"]
[White "Balasundaram, Sivasatyan"]
[Black "Chen, Daniel Xingyu"]
[Result "0-1"]
[WhiteElo "1757"]
[BlackElo "1750"]
[PlyCount "130"]
[EventDate "2020.04.23"]
[WhiteTeam "Harrow Juniors A"]
[BlackTeam "Warwickshire Bears A"]

1. d4 Nf6 2. c4 e5 3. dxe5 Ng4 4. Nf3 Nc6 5. Nc3 Bc5 6. e3 Ngxe5 7. Be2 O-O 8.
O-O Re8 9. h3 a5 10. b3 Nxf3+ 11. Bxf3 Ne5 12. Bb2 Nxf3+ 13. Qxf3 Ra6 14. Ne4
Bf8 15. Rfd1 Rg6 16. Rd2 b6 17. Rad1 d6 18. Nc3 Re5 19. Nd5 Reg5 20. Nf4 Bf5
21. h4 Rg4 22. Nxg6 hxg6 23. g3 Qxh4 24. Kf1 Qh3+ 25. Qg2 Qh5 26. Rd4 Rxd4 27.
Rxd4 Bh3 28. Qxh3 Qxh3+ 29. Ke2 Be7 30. Re4 Qh1 31. Rxe7 Qc6 32. f3 d5 33. cxd5
Qc2+ 34. Kf1 Qxb2 35. Rxc7 Qxa2 36. Rc8+ Kh7 37. d6 Qd2 38. Rd8 b5 39. d7 a4
40. bxa4 bxa4 41. Rb8 Qxd7 42. Ke2 a3 43. Ra8 Qd6 44. g4 Qb4 45. Kd3 Qb3+ 46.
Ke4 a2 47. Kf4 Qb2 48. Kg3 a1=Q 49. Rxa1 Qxa1 50. Kf4 Qf6+ 51. Kg3 Qe5+ 52. Kf2
Qh2+ 53. Ke1 g5 54. Kf1 Kg6 55. Ke1 Kf6 56. Kf1 Ke5 57. Ke1 Qg2 58. f4+ gxf4
59. exf4+ Kxf4 60. g5 Kxg5 61. Kd1 Kf4 62. Kc1 Ke3 63. Kb1 Kd3 64. Ka1 Kc3 65.
Kb1 Qb2# 0-1

[Event "Junior Online 4NCL Division 2"]
[Site "online"]
[Date "2020.04.23"]
[Round "2.73"]
[White "Dicen, Elis Denele"]
[Black "Truscott, Philip E"]
[Result "1-0"]
[WhiteElo "1697"]
[BlackElo "1660"]
[PlyCount "79"]
[EventDate "2020.04.23"]
[WhiteTeam "Warwickshire Bears A"]
[BlackTeam "Harrow Juniors A"]

1. e4 c5 2. Nf3 d6 3. d4 cxd4 4. Nxd4 Nf6 5. Nc3 a6 6. Be3 Nc6 7. Nxc6 bxc6 8.
Be2 e6 9. O-O d5 10. exd5 cxd5 11. Bg5 Be7 12. Bd3 h6 13. Bf4 O-O 14. Qe2 a5
15. a4 Qb6 16. Nb5 Ba6 17. Be3 Bc5 18. Bxc5 Qxc5 19. b3 Rfc8 20. Rac1 Rc6 21.
Rfe1 Rcc8 22. h3 Bxb5 23. Bxb5 Qc3 24. Bd3 Rab8 25. Qe3 d4 26. Qf3 Re8 27. Qg3
Rbd8 28. Re5 Rd5 29. Rce1 Rxe5 30. Rxe5 Qa1+ 31. Kh2 Qc3 32. Re2 Qc5 33. Qe5
Qxe5+ 34. Rxe5 Ra8 35. Rc5 Nd7 36. Rb5 e5 37. f3 Ra7 38. Bf5 Nf6 39. Rb8+ Ne8
40. Rxe8# 1-0

[Event "Junior Online 4NCL Division 2"]
[Site "online"]
[Date "2020.04.23"]
[Round "2.74"]
[White "Khanna, Pranav"]
[Black "Kukreja, Karan"]
[Result "0-1"]
[WhiteElo "1607"]
[BlackElo "1540"]
[PlyCount "114"]
[EventDate "2020.04.23"]
[WhiteTeam "Harrow Juniors A"]
[BlackTeam "Warwickshire Bears A"]

1. e4 c6 2. d4 d5 3. e5 Bf5 4. Nf3 e6 5. c3 c5 6. Be3 Qb6 7. Qb3 Qxb3 8. axb3
cxd4 9. cxd4 Bb4+ 10. Nc3 Nc6 11. Bb5 Nge7 12. O-O a6 13. Bxc6+ Nxc6 14. Nh4
Bc2 15. Ne2 Bxb3 16. Rac1 O-O 17. Nc3 Rfc8 18. Nf3 Bc4 19. Rfe1 Bxc3 20. bxc3
b5 21. Nd2 Ne7 22. Bf4 h6 23. Re3 Nf5 24. Rh3 g5 25. Be3 Nxe3 26. Rxe3 Kg7 27.
Rg3 a5 28. h4 Kg6 29. f4 Rg8 30. hxg5 hxg5 31. Rxg5+ Kh7 32. Rh5+ Kg7 33. Nf3
Be2 34. Rg5+ Kf8 35. Rh5 Bxf3 36. Rh2 Be4 37. Kf2 a4 38. g3 a3 39. Ra1 a2 40.
Kf1 Bb1 41. Kf2 Ke7 42. Rh1 Rgc8 43. Rc1 Ra3 44. Kg2 Raxc3 45. Rd1 Rc1 46. Rxc1
Rxc1 47. Kf2 b4 48. Ke2 Bd3+ 49. Kd2 Rxa1 50. Kxd3 Rd1+ 51. Ke3 a1=Q 52. Kf3
Rf1+ 53. Kg4 Qd1+ 54. Kg5 Rh1 55. g4 Rg1 56. Kh6 Rxg4 57. Kh7 Qh1# 0-1

[Event "Junior Online 4NCL Division 2"]
[Site "online"]
[Date "2020.04.23"]
[Round "2.75"]
[White "Shah, Kian"]
[Black "Dicen, Imogen"]
[Result "1/2-1/2"]
[WhiteElo "1870"]
[BlackElo "1847"]
[PlyCount "102"]
[EventDate "2020.04.23"]
[WhiteTeam "Harrow Juniors A"]
[BlackTeam "Warwickshire Bears A"]

1. e4 c5 2. Nf3 Nc6 3. d4 cxd4 4. Nxd4 d6 5. c4 Bd7 6. Nc3 Nf6 7. Be3 g6 8. f3
Bg7 9. Be2 O-O 10. O-O a6 11. Rc1 Rc8 12. b3 Qc7 13. Qd2 Rfd8 14. Bh6 Bh8 15.
Bg5 Nxd4 16. Qxd4 Bc6 17. Qd2 Qd7 18. Nd5 Bxd5 19. cxd5 Ne8 20. Rc4 b5 21. Rxc8
Rxc8 22. Rc1 Rxc1+ 23. Qxc1 Qa7+ 24. Be3 Bd4 25. Bxd4 Qxd4+ 26. Kh1 Qa7 27. Qc8
Kf8 28. h3 Qb6 29. a4 bxa4 30. bxa4 Qa5 31. Qc2 Nc7 32. Qc4 f6 33. Bd3 Kg7 34.
Qc6 Kf7 35. Qd7 h5 36. Qc6 Kf8 37. Qc4 Kg7 38. Qc2 Kf7 39. Qc4 Qb6 40. Qc3 g5
41. Qc4 h4 42. Qc3 a5 43. Qc2 Ne8 44. Bb5 Ng7 45. Qc8 Qe3 46. Bd7 Kg6 47. Qg8
Qe1+ 48. Kh2 Qg3+ 49. Kh1 Qe1+ 50. Kh2 Qg3+ 51. Kh1 Qe1+ 1/2-1/2

[Event "Junior Online 4NCL Division 2"]
[Site "online"]
[Date "2020.04.23"]
[Round "2.76"]
[White "Chen, Daniel Xingyu"]
[Black "Balasundaram, Sivasatyan"]
[Result "1-0"]
[WhiteElo "1750"]
[BlackElo "1757"]
[PlyCount "111"]
[EventDate "2020.04.23"]
[WhiteTeam "Warwickshire Bears A"]
[BlackTeam "Harrow Juniors A"]

1. e4 c5 2. Nf3 Nc6 3. Bb5 Nf6 4. Qe2 a6 5. Bxc6 dxc6 6. O-O Bg4 7. h3 Bh5 8.
c3 e6 9. Re1 Be7 10. d4 cxd4 11. cxd4 O-O 12. Nc3 Qc7 13. Bg5 Rfd8 14. Red1 Rd7
15. Rac1 Qb6 16. Be3 Bxf3 17. Qxf3 Qxb2 18. Na4 Qb5 19. Nc5 Bxc5 20. Rxc5 Qa4
21. Rg5 Ne8 22. Rd2 f6 23. Rg3 Qb4 24. Qg4 Qe7 25. Bh6 Rad8 26. Qd1 Kf8 27. Be3
Nd6 28. e5 Nf5 29. exf6 gxf6 30. Qg4 Ng7 31. Bh6 f5 32. Qh5 Qf6 33. Rg5 Rxd4
34. Bxg7+ Qxg7 35. Rxg7 Kxg7 36. Rxd4 Rxd4 37. Qe2 Kf6 38. Qb2 c5 39. Qxb7 Rd1+
40. Kh2 Rd2 41. Qxa6 Rxf2 42. a4 Rc2 43. Qa7 c4 44. Qd4+ Ke7 45. a5 Ra2 46.
Qc5+ Kf6 47. Qb4 f4 48. Qxc4 Rxa5 49. Qxf4+ Rf5 50. Qh6+ Ke5 51. Qxh7 Ke4 52.
Kg3 Ke3 53. h4 Rf4 54. Qa7+ Ke4 55. Qa4+ Kd5 56. Qxf4 1-0

[Event "Junior Online 4NCL Division 2"]
[Site "online"]
[Date "2020.04.23"]
[Round "2.77"]
[White "Truscott, Philip E"]
[Black "Dicen, Elis Denele"]
[Result "0-1"]
[WhiteElo "1660"]
[BlackElo "1697"]
[PlyCount "144"]
[EventDate "2020.04.23"]
[WhiteTeam "Harrow Juniors A"]
[BlackTeam "Warwickshire Bears A"]

1. e4 e6 2. b3 d5 3. Bb2 dxe4 4. Nc3 Nf6 5. Qe2 Nc6 6. Nxe4 Nxe4 7. Qxe4 Qe7 8.
O-O-O Bd7 9. Ne2 O-O-O 10. Nc3 f6 11. g3 g6 12. Bg2 Bg7 13. f4 f5 14. Qf3 a6
15. Rhe1 Qd6 16. Kb1 Bxc3 17. Bxc3 Rhf8 18. Be5 Qe7 19. d4 Qf7 20. Qc3 Kb8 21.
Qc5 Qe7 22. Qxe7 Nxe7 23. Re3 Nc6 24. Bf3 Rf7 25. d5 exd5 26. Rxd5 Bc8 27. Rxd8
Nxd8 28. Rd3 Ne6 29. c3 Nc5 30. Rd5 Nd7 31. Rd1 Re7 32. Re1 Rf7 33. Bd5 Rf8 34.
Bg7 Rd8 35. Kc2 Nc5 36. Bc4 b5 37. Bf1 Bb7 38. Bd4 Ne4 39. Bg2 c5 40. Be3 Kc7
41. Kb2 c4 42. bxc4 bxc4 43. Bd4 Bd5 44. Kc2 Kc6 45. Rb1 Re8 46. Rb6+ Kc7 47.
Rxa6 Bb7 48. Be5+ Rxe5 49. fxe5 Bxa6 50. e6 Kd6 51. Bxe4 fxe4 52. Kd2 Kxe6 53.
Ke3 Ke5 54. a3 h6 55. a4 g5 56. a5 Bb7 57. h3 h5 58. g4 hxg4 59. hxg4 Bc8 60.
Kf2 Kf4 61. Kg2 Kxg4 62. Kf2 Kf4 63. Kg2 e3 64. Kf1 Kf3 65. Ke1 e2 66. Kd2 Kf2
67. Kc2 e1=Q 68. Kb2 Qd2+ 69. Ka3 Qxc3+ 70. Ka2 Qb3+ 71. Ka1 c3 72. a6 Qb2# 0-1

[Event "Junior Online 4NCL Division 2"]
[Site "online"]
[Date "2020.04.23"]
[Round "2.78"]
[White "Kukreja, Karan"]
[Black "Khanna, Pranav"]
[Result "0-1"]
[WhiteElo "1540"]
[BlackElo "1607"]
[PlyCount "102"]
[EventDate "2020.04.23"]
[WhiteTeam "Warwickshire Bears A"]
[BlackTeam "Harrow Juniors A"]

1. d4 d5 2. Bf4 Nc6 3. e3 a6 4. Nf3 Bg4 5. Nbd2 Nf6 6. a3 e6 7. Be2 Bd6 8. Bxd6
cxd6 9. O-O O-O 10. h3 Bh5 11. c4 dxc4 12. Nxc4 b5 13. Ncd2 Nd7 14. b4 Bg6 15.
Nh4 d5 16. Nb3 Qxh4 17. Nc5 Nxc5 18. dxc5 Qf6 19. Bf3 Ne5 20. Be2 Nc4 21. Bxc4
dxc4 22. Qc1 Bd3 23. Rd1 Rfd8 24. Rd2 e5 25. a4 e4 26. a5 c3 27. Rd1 c2 28. Rd2
Qc3 29. Ra2 Qxb4 30. Raxc2 Bxc2 31. Rxc2 Qxa5 32. c6 Rac8 33. Kh2 Qc7+ 34. g3
Rd6 35. Rd2 Rxd2 36. Qxd2 Qxc6 37. Qd4 h6 38. Kg2 a5 39. Qb2 b4 40. Qb3 Qc3 41.
Qa4 b3 42. Qb5 b2 43. Qf5 b1=Q 44. h4 Rf8 45. f3 Qbc2+ 46. Kh3 Q3d2 47. Qf4
Qh2+ 48. Kg4 Qc8+ 49. Kh5 exf3 50. Qxf3 Qhc2 51. g4 Qg6# 0-1

[Event "Junior Online 4NCL Division 2"]
[Site "online"]
[Date "2020.04.23"]
[Round "2.81"]
[White "Nagda, Maanav"]
[Black "Petkov, Anton"]
[Result "0-1"]
[WhiteElo "1600"]
[BlackElo "1793"]
[PlyCount "142"]
[EventDate "2020.04.23"]
[WhiteTeam "Watford 1"]
[BlackTeam "TSK Tigers A"]

1. d4 Nf6 2. Nc3 d5 3. Bg5 e6 4. e4 dxe4 5. Nxe4 Be7 6. Bxf6 Bxf6 7. Nf3 Be7 8.
Bd3 O-O 9. O-O Nd7 10. Re1 Nf6 11. Nxf6+ Bxf6 12. c3 Qd6 13. Qe2 Bd7 14. h3 Bc6
15. Rad1 Rfe8 16. Bc2 Rad8 17. Qd3 g6 18. Qe2 b6 19. Bd3 Bg7 20. Bc4 Rb8 21.
Bd3 b5 22. Bc2 b4 23. cxb4 Rxb4 24. Bb3 Bxf3 25. Qxf3 Rxd4 26. Rxd4 Qxd4 27.
Qe2 Qxb2 28. Qb5 Rd8 29. Qb4 Qc3 30. Qe4 Rd2 31. Kh1 Rxf2 32. Rd1 Rd2 33. Rf1
Qd4 34. Qa8+ Bf8 35. Qf3 Qd7 36. Qf4 Rd4 37. Qf2 a5 38. Re1 a4 39. Bc2 Rd2 40.
Re2 Rxe2 41. Qxe2 Bc5 42. Qf3 Qd4 43. Kh2 Qg1+ 44. Kg3 Bd6+ 45. Kh4 Qe1+ 46. g3
Qb4+ 47. Qe4 Qxe4+ 48. Bxe4 c5 49. Bc2 a3 50. g4 Kg7 51. Bd3 Kf6 52. g5+ Ke5
53. Kg4 Kd4 54. Bc2 c4 55. Kf3 Kc3 56. Ke2 Kxc2 57. h4 Kb2 58. h5 c3 59. hxg6
hxg6 60. Ke3 c2 61. Ke4 c1=Q 62. Kd4 Qxg5 63. Kd3 Qg4 64. Ke3 Kxa2 65. Kd3 Kb3
66. Ke3 a2 67. Kd3 a1=Q 68. Ke3 Qa3 69. Kd2 Kc4 70. Ke1 Qg2 71. Kd1 Qa1# 0-1

[Event "Junior Online 4NCL Division 2"]
[Site "online"]
[Date "2020.04.23"]
[Round "2.82"]
[White "Wu, Yuxuan"]
[Black "Dasgupta, Avyukt"]
[Result "1-0"]
[WhiteElo "1523"]
[BlackElo "1585"]
[PlyCount "43"]
[EventDate "2020.04.23"]
[WhiteTeam "TSK Tigers A"]
[BlackTeam "Watford 1"]

1. c4 e5 2. g3 Nf6 3. Bg2 Bc5 4. Nc3 Nc6 5. Nf3 d6 6. O-O Bf5 7. d3 h6 8. Rb1
a5 9. Qa4 O-O 10. Nh4 Bd7 11. Qd1 g5 12. Nf3 Bf5 13. h4 g4 14. Ne1 h5 15. Bg5
Kh7 16. Ne4 Bxe4 17. Bxe4+ Kg7 18. Qc1 Rh8 19. Kh2 Qd7 20. Bxf6+ Kxf6 21. Qg5+
Ke6 22. Bf5# 1-0

[Event "Junior Online 4NCL Division 2"]
[Site "online"]
[Date "2020.04.23"]
[Round "2.83"]
[White "Morrell, Sean"]
[Black "Swamy, Anshul"]
[Result "1-0"]
[WhiteElo "1480"]
[BlackElo "1472"]
[PlyCount "69"]
[EventDate "2020.04.23"]
[WhiteTeam "Watford 1"]
[BlackTeam "TSK Tigers A"]

1. d4 d5 2. Bf4 Nc6 3. Nf3 Nf6 4. e3 Bf5 5. Bd3 Bxd3 6. Qxd3 e6 7. O-O Bd6 8.
Bxd6 Qxd6 9. c4 O-O-O 10. c5 Qe7 11. a3 e5 12. b4 e4 13. Qe2 exf3 14. Qxf3 Qe4
15. Qh3+ Qg4 16. Qxg4+ Nxg4 17. b5 Ne7 18. Nc3 c6 19. Rfb1 Rd7 20. a4 Nf6 21.
a5 a6 22. bxa6 bxa6 23. Rb6 Ra7 24. Rab1 Kc7 25. f3 Re8 26. e4 dxe4 27. fxe4
Nd7 28. d5 cxd5 29. exd5 Nf5 30. d6+ Kc8 31. c6 Nxb6 32. axb6 Nxd6 33. bxa7 Kc7
34. Nd5+ Kxc6 35. Rb8 1-0

[Event "Junior Online 4NCL Division 2"]
[Site "online"]
[Date "2020.04.23"]
[Round "2.84"]
[White "Bagga, Khushi"]
[Black "Chan, Daniel"]
[Result "1-0"]
[WhiteElo "1059"]
[BlackElo "1412"]
[PlyCount "51"]
[EventDate "2020.04.23"]
[WhiteTeam "TSK Tigers A"]
[BlackTeam "Watford 1"]

1. e4 e5 2. Nf3 Nc6 3. Nc3 Nf6 4. d4 exd4 5. Nxd4 d5 6. Nxc6 bxc6 7. exd5 cxd5
8. Bg5 Be7 9. Qe2 Be6 10. O-O-O c6 11. Qf3 O-O 12. Bd3 Rb8 13. Bf5 Bxf5 14.
Qxf5 Nd7 15. Bxe7 Qxe7 16. Rhe1 Qb4 17. Na4 Qxa4 18. Qxd7 Qxa2 19. b3 Qa1+ 20.
Kd2 Qa5+ 21. Kc1 Rfd8 22. Qe7 c5 23. Rxd5 Qb5 24. Rxd8+ Rxd8 25. Qxd8+ Qe8 26.
Qxe8# 1-0

[Event "Junior Online 4NCL Division 2"]
[Site "online"]
[Date "2020.04.23"]
[Round "2.85"]
[White "Petkov, Anton"]
[Black "Nagda, Maanav"]
[Result "0-1"]
[WhiteElo "1793"]
[BlackElo "1600"]
[PlyCount "130"]
[EventDate "2020.04.23"]
[WhiteTeam "TSK Tigers A"]
[BlackTeam "Watford 1"]

1. e4 e6 2. d4 d5 3. e5 c5 4. c3 Nc6 5. Nf3 Bd7 6. Bd3 Qb6 7. Nbd2 cxd4 8. cxd4
Nxd4 9. O-O Nxf3+ 10. Nxf3 Bc5 11. b4 Be7 12. Be3 Qc7 13. Rc1 Qd8 14. Qd2 a6
15. Rc2 Bc6 16. Nd4 Ba4 17. Rcc1 Qd7 18. a3 Bd8 19. Rc3 Ne7 20. Rfc1 O-O 21.
Nf3 Ng6 22. Bc5 Re8 23. Bd6 Be7 24. Rc7 Qd8 25. Rxb7 Bxd6 26. exd6 Qxd6 27.
Bxg6 hxg6 28. Rcc7 Rf8 29. Qc3 Rab8 30. Rxb8 Rxb8 31. Ne5 Rf8 32. Nxg6 Rd8 33.
Ne7+ Kf8 34. Ng6+ Kg8 35. Ne5 Rf8 36. Nf3 Qf4 37. Ra7 Bb5 38. a4 Bc4 39. Nd2
Qf5 40. h3 Qd3 41. Qxd3 Bxd3 42. Nb3 Bc4 43. Nc5 Rb8 44. Nxa6 Bxa6 45. Rxa6
Rxb4 46. a5 Ra4 47. Ra7 d4 48. a6 d3 49. Rd7 Rxa6 50. Rxd3 Ra1+ 51. Kh2 Kh7 52.
Rd7 Kg6 53. h4 Ra2 54. Kg3 Ra3+ 55. f3 Ra4 56. h5+ Kf6 57. Kh3 Ra5 58. g4 Ra3
59. Kg3 Ra5 60. f4 Ra3+ 61. Kh4 g6 62. h6 Ra1 63. g5+ Kf5 64. Rxf7+ Ke4 65. Rf6
Kf3 0-1